Every NHL Goalie Ever - Statistics

General Stats
  • This quiz has been taken 92 times
    47 since last reset
  • The average score is 115 of 880
Answer Stats
GP Nationality Name Most famous playing for % Correct
1266 CAN Martin Brodeur New Jersey Devils
95%
1048 CAN Marc-André Fleury Pittsburgh Penguins
92%
7 CAN Mike Brodeur Ottawa Senators
89%
385 CAN Richard Brodeur Vancouver Canucks
89%
887 SWE Henrik Lundqvist New York Rangers
84%
1029 CAN Patrick Roy Montreal Canadiens
84%
801 USA Jonathan Quick Los Angeles Kings
81%
1044 CAN Roberto Luongo Florida Panthers
81%
712 CAN Carey Price Montreal Canadiens
76%
670 CAN Mike Smith Arizona Coyotes
76%
533 RUS Andrei Vasilevski Tampa Bay Lightning
73%
735 CZE Dominik Hašek Buffalo Sabres
73%
231 CAN Al Smith Pittsburgh Penguins
70%
679 CAN Billy Smith New York Islanders
70%
531 CAN Gary Smith Vancouver Canucks
70%
10 USA Jeremy Smith Colorado Avalanche
70%
198 CAN Norm Smith Detroit Red Wings
70%
709 USA Craig Anderson Ottawa Senators
68%
963 CAN Ed Belfour Chicago Blackhawks
68%
868 CAN Grant Fuhr Edmonton Oilers
68%
3 CAN Lorne Anderson New York Rangers
68%
488 CAN Corey Crawford Chicago Blackhawks
65%
511 DEN Frederik Andersen Toronto Maple Leafs
65%
747 RUS Sergei Bobrovsky Columbus Blue Jackets
65%
2 USA Chris Holt St. Louis Blues
62%
284 SWE Linus Ullmark Boston Bruins
62%
971 CAN Terry Sawchuk Detroit Red Wings
62%
227 CAN Carter Hart Philadelphia Flyers
59%
62 USA Dustin Wolf Calgary Flames
59%
14 CZE Jakub Dobeš Montreal Canadiens
59%
330 CAN Jordan Binnington St. Louis Blues
59%
402 FIN Juuse Saros Nashville Predators
59%
172 CAN Stuart Skinner Edmonton Oilers
59%
179 CAN Adin Hill Vegas Golden Knights
57%
513 CAN Braden Holtby Washington Capitals
57%
906 CAN Glenn Hall Chicago Blackhawks
57%
267 RUS Igor Shesterkin New York Rangers
57%
245 RUS Ilya Sorokin New York Islanders
57%
144 CAN Logan Thompson Washington Capitals
57%
683 FIN Pekka Rinne Nashville Predators
57%
796 USA Ryan Miller Buffalo Sabres
57%
426 USA Tim Thomas Boston Bruins
57%
553 CAN Tiny Thompson Boston Bruins
57%
564 FIN Tuukka Rask Boston Bruins
57%
431 CAN Darcy Kuemper Arizona Coyotes
54%
244 USA Jake Oettinger Dallas Stars
54%
183 USA Jeremy Swayman Boston Bruins
54%
130 CAN Joe Miller Pittsburgh Pirates
54%
397 CAN Ken Dryden Montreal Canadiens
54%
150 CAN Scott Wedgewood Dallas Stars
54%
237 USA Thatcher Demko Vancouver Canucks
54%
886 CAN Tony Esposito Chicago Blackhawks
54%
286 CAN Tristan Jarry Pittsburgh Penguins
54%
560 USA Connor Hellebuyck Winnipeg Jets
51%
943 CAN Curtis Joseph St. Louis Blues
51%
581 SVK Jaroslav Halak Montrea Canadiens
51%
504 USA John Gibson Anaheim Ducks
51%
73 CAN Joseph Woll Toronto Maple Leafs
51%
112 CZE Lukáš Dostál Anaheim Ducks
51%
246 CAN Mackenzie Blackwood New Jersey Devils
51%
197 CAN Samuel Montembeault Montreal Canadiens
51%
243 CAN Wayne Thomas New York Rangers
51%
16 FIN Christopher Gibson New York Islanders
49%
203 CAN Dave Dryden Edmonton Oilers
49%
160 SWE Filip Gustavsson Minnesota WIld
49%
528 SWE Jacob Markström Vancouver Canucks
49%
1 CAN Jerome Mrazek Philadelphia Flyers
49%
428 CZE Petr Mrazek Detroit Red Wings
49%
88 USA Spencer Knight Florida Panthers
49%
136 USA Anthony Stolarz Toronto Maple Leafs
46%
413 USA Ben Bishop Tampa Bay Lightning
46%
23 USA Bob Johnson Pittsburgh Penguins
46%
309 USA Brent Johnson St. Louis Blues
46%
524 CAN Cam Talbot Edmonton Oilers
46%
701 CAN Cam Ward Carolina Hurricanes
46%
192 CAN Chad Johnson Buffalo Sabres
46%
744 CAN Chris Osgood Detroit Red Wings
46%
697 RUS Evgeni Nabokov San Jose Sharks
46%
837 CAN Jacques Plante Montreal Canadiens
46%
5 SWE Jesper Wallstedt Minnesota Wild
46%
179 SWE Jonas Gustavsson Toronto Maple Leafs
46%
301 FIN Joonas Korpisalo Columbus Blue Jackets
46%
466 CAN Martin Jones San Jose Sharks
46%
4 CAN Matthew Murray Dallas Stars
46%
274 CAN Matt Murray Pittsburgh Penguins
46%
1 CAN Mickey Murray Montreal Canadiens
46%
799 RUS Nikolai Khabibulin Tampa Bay Lightning
46%
151 FIN Ukko-Pekka Luukkonen Buffalo Sabres
46%
184 USA Casey DeSmith Pittsburgh Penguins
43%
7 CAN Hec Fowler Boston Bruins
43%
456 CAN Jake Allen St. Louis Blues
43%
87 CAN Malcolm Subban Vegas Golden Knights
43%
4 CAN Michael Wall Anaheim Ducks
43%
608 CAN Ron Hextall Philadelphia Flyers
43%
621 RUS Semyon Varlamov Colorado Avalanche
43%
19 LAT Arturs Silovs Vancouver Canucks
41%
172 USA Jim Carey Washington Capitals
41%
543 USA Jimmy Howard Detroit Red Wings
41%
67 CAN Joel Hofer St. Louis Blues
41%
404 CAN Jonathan Bernier Toronto Maple Leafs
41%
648 CAN José Theodore Montreal Canadiens
41%
2 CAN Landon Bow Dallas Stars
41%
623 FIN Miikka Kiprusoff Calgary Flames
41%
782 CAN Mike Vernon Calgary Flames
41%
719 GER Olaf Kölzig Washington Capitals
41%
74 CAN Peter Ing Toronto Maple Leafs
41%
364 SWE Robin Lehner Buffalo Sabres
41%
143 FIN Ville Husso St. Louis Blues
41%
296 BUL Alexandar Georgiev Colorado Avalanche
38%
464 FIN Antti Niemi San Jose Sharks
38%
410 USA Cory Schneider New Jersey Devils
38%
225 CZE David Rittich Calgary Flames
38%
542 CAN Devan Dubnyk Minnesota Wild
38%
237 LAT Elvis Merzlikins Columbus Blue Jackets
38%
118 USA Joey Daccord Seattle Kraken
38%
552 CAN Johnny Bower Toronto Maple Leafs
38%
882 USA John Vanbiesbrouck Florida Panthers
38%
649 FIN Kari Lehtonen Dallas Stars
38%
16 RUS Yaroslav Askarov San Jose Sharks
38%
5 USA Brandon Bussi Carolina Hurricanes
35%
141 USA Charlie Lindgren Washington Capitals
35%
102 CAN Connor Ingram Arizona Coyotes
35%
272 FRA Cristobal Huet Montreal Canadiens
35%
199 RUS Ilya Samsonov Tornto Maple Leafs
35%
176 CAN Jack Campbell Toronto Maple Leafs
35%
517 CAN James Reimer Toronto Maple Leafs
35%
1 CAN Jamie Ram New York Rangers
35%
597 CAN Jean-Sebastien Giguere Anaheim Ducks
35%
188 CZE Karel Vejmelka Arizona Coyotes
35%
543 CAN Marty Turco Dallas Stars
35%
666 USA Mike Richter New York Rangers
35%
368 GER Philipp Grubauer Colorado Avalanche
35%
111 USA Alex Lyon Detroit Red Wings
32%
713 CAN Andy Moog Edmonton Oilers
32%
83 SWE Arvid Söderblom Chicago Blackhawks
32%
103 CZE Daniel Vladar Calgary Flames
32%
6 SWE Dennis Hildeby Toronto Maple Leafs
32%
39 CAN Devon Levi Buffalo Sabres
32%
75 CAN Eric Comrie Winnipeg Jets
32%
404 SUI Jonas Hiller Anaheim Ducks
32%
3 CAN Michael DiPietro Vancouver Canucks
32%
111 RUS Pyotr Kochetkov Carolina Hurricanes
32%
287 CAN Ray Emery Ottawa Senators
32%
318 USA Rick DiPietro New York Islanders
32%
105 SWE Samuel Ersson Philadelphia Flyers
32%
260 KAZ Anton Khudobin Dallas Stars
30%
1 USA Brian Foster Florida Panthers
30%
413 FIN Niklas Bäckström Minnesota Wild
30%
13 CAN Norm Foster Edmonton Oilers
30%
1 CAN Scott Foster Chicago Blackhawks (EBUG)
30%
777 USA Tom Barrasso Pittsburgh Penguins
30%
176 USA Alexander Nedeljkovic Pittsburgh Penguins
27%
280 CAN Andrew Raycroft Boston Bruins
27%
185 SWE Anton Forsberg Ottawa Senators
27%
277 FIN Antti Raanta Arizona Coyotes
27%
568 LAT Arturs Irbe Carolina Hurricanes
27%
608 CAN Bernie Parent Philadelphia Flyers
27%
145 USA Bob Mason Washington Capitals
27%
3 CAN Bob Parent Toronto Maple Leafs
27%
543 CAN Brian Elliott St. Louis Blues
27%
167 CAN Calvin Pickard Colorado Avalanche
27%
235 CAN Carter Hutton Buffalo Sabres
27%
317 CAN Chris Mason Nashville Predators
27%
62 USA Daniil Tarasov Columbus Blue Jackets
27%
592 CAN Ed Johnston Boston Bruins
27%
190 CAN Georges Vezina Montreal Canadiens
27%
16 CAN Jet Greaves Columus Blue Jackets
27%
76 SWE Jonas Johansson Tampa Bay Lightning
27%
140 CAN Laurent Brossoit Winnipeg Jets
27%
168 FIN Mikko Koskinen Edmonton Oilers
27%
32 CAN Rich Parent Tampa Bay Lightning
27%
476 CAN Steve Mason Columbus Blue Jackets
27%
62 CAN Andy Brown Pittsburgh Penguins
24%
647 CAN Bill Ranford Edmonton Oilers
24%
2 CAN Colten Ellis Buffalo Sabres
24%
212 CAN Dan Ellis Nashville Predators
24%
1 CAN David Ayres Carolina Hurricanes (EBUG)
24%
6 USA Devin Cooley San Jose Sharks
24%
38 CAN Don Head Boston Bruins
24%
418 CAN Gerry Cheevers Boston Bruins
24%
1 CAN Ken Brown Chicago Blackhawks
24%
30 CAN Seth Martin St. Louis Blues
24%
66 CAN Spencer Martin Vancouver Canucks
24%
266 FIN Vesa Toskala Toronto Maple Leafs
24%
130 CAN Aaron Dell San Jose Sharks
22%
44 SUI Akira Schmid New Jersey Devils
22%
168 USA Al Montoya Winnipeg Jets
22%
67 CAN Andrew Hammond Ottawa Senators
22%
606 CAN Dwayne Roloson Edmonton Oilers
22%
465 RUS Ilya Bryzgalov Phoenix Coyotes
22%
83 CAN Justin Peters Carolina Hurricanes
22%
612 CAN Kirk McLean Vancouver Canucks
22%
14 FIN Leevi Meriläinen Ottawa Senators
22%
15 CAN Lyle Carter California Golden Seals
22%
398 CZE Ondřej Pavelec Winnipeg Jets
22%
489 CAN Pete Peeters Philadelphia Flyers
22%
144 CAN Ben Scrivens Toronto Maple Leafs
19%
55 USA Cayden Primeau Montreal Canadiens
19%
287 CAN Dunc Wilson Vancouver Canucks
19%
40 USA Garret Sparks Toronto Maple Leafs
19%
860 CAN Gump Worsley Montreal Canadiens
19%
373 SWE Johan Hedberg Pittsburgh Penguins
19%
151 CAN Josh Harding Minnesota Wild
19%
677 CAN Kelly Hrudey Los Angeles Kings
19%
158 SWE Kevin Lankinen Chicago Blackhawks
19%
3 CAN Lefty Wilson Boston Bruins
19%
1 CAN Matthew Berlin Edmonton Oilers (EBUG)
19%
444 CAN Patrick Lalime Ottawa Senators
19%
368 SVK Peter Budaj Colorado Avalanche
19%
77 CAN Pheonix Copley Los Angeles Kings
19%
1 CAN Roman Will Colorado Avalanche
19%
1 CAN Sebastian Cossa Detroit Red Wings
19%
130 SWE Anders Lindbäck Tampa Bay Lightning
16%
106 USA Cal Petersen Los Angeles Kings
16%
249 CAN Curtis McElhinney Columbus Blue Jackets
16%
144 SWE Eddie Läck Vancouver Canucks
16%
301 CAN John Davidson New York Rangers
16%
159 FIN Karri Rämö Calgary Flames
16%
348 CAN Kevin Weekes Carolina Hurricanes
16%
144 CAN Louis Domingue Arizona Coyotes
16%
28 DEN Mads Søgaard Ottawa Senators
16%
325 CAN Manny Fernandez Minnesota Wild
16%
154 CAN Michael Hutchinson Winnipeg Jets
16%
256 CZE Michal Neuvirth Washington Capitals
16%
73 CZE Pavel Francouz Colorado Avalanche
16%
537 CAN Ron Tugnutt Ottawa Senators
16%
126 USA Scott Darling Chicago Blackhawks
16%
390 CAN Stephane Fiset Los Angeles Kings
16%
700 CZE Tomáš Vokoun Nashville Predators
16%
526 SWE Tommy Salo New York Islanders
16%
629 CAN Turk Broda Toronto Maple Leafs
16%
184 CZE Vitek Vanecek New Jersey Devils
16%
328 USA Brian Boucher Philadelphia Flyers
14%
67 CAN Chris Driedger Florida Panthers
14%
351 CAN Dan Cloutier Vancouver Canucks
14%
86 CAN Dustin Tokarski Buffalo Sabres
14%
437 CAN Glenn Healy New York Islanders
14%
491 USA Guy Hebert Anaheim Ducks
14%
72 CAN Jacques Caron St. Louis Blues
14%
255 CAN Jacques Cloutier Buffalo Sabres
14%
40 CAN Jean-Francois Berube New York Islanders
14%
153 SWE Jhonas Enroth Buffalo Sabres
14%
586 CAN Jocelyn Thibault Chicago Blackhawks
14%
425 USA Jon Casey Minnesota North Stars
14%
140 FIN Kaapo Kähkönen Minnesota Wild
14%
52 SWE Marcus Högberg Ottawa Senators
14%
508 CAN Martin Biron Buffalo Sabres
14%
341 CAN Mathieu Garon Los Angeles Kings
14%
129 USA Mike Condon Montreal Canadiens
14%
663 CAN Mike Liut St. Louis Blues
14%
157 SWE Pelle Lindbergh Philadelphia Flyers
14%
76 SUI Reto Berra Calgary Flames
14%
795 CAN Rogie Vachon Los Angeles Kings
14%
4 CAN Sammy Hebert Ottawa Senators
14%
2 CAN Scott King Detroit Red Wings
14%
95 CAN Sebastien Caron Pittsburgh Penguins
14%
368 GER Thomas Greiss New York Islanders
14%
387 CAN Trevor Kidd Calgary Flames
14%
63 SWE Viktor Fasth Edmonton Oilers
14%
328 CAN Wayne Stephenson Philadelphia Flyers
14%
15 BLR Alexei Kolosov Philadelphia Flyers
11%
179 CAN Alex Stalock Minnesota Wild
11%
5 CAN Andre Gill Boston Bruins
11%
234 FIN Antero Niittymäki Philadelphia Flyers
11%
53 CAN Benny Grant Toronto Maple Leafs
11%
119 CAN Bernie Wolfe Washington Capitals
11%
383 CAN Bill Durnan Montreal Canadiens
11%
446 CAN Bob Essensa Winnipeg Jets
11%
11 CAN Brian Ford Pittsburgh Penguins
11%
4 SWE Carl Lindbom Vegas Golden Knights
11%
568 CAN Cesare Maniago Minnesota North Stars
11%
358 CAN Charlie Hodge Montreal Canadiens
11%
144 CAN Curtis Sanford St. Louis Blues
11%
656 CAN Dan Bouchard Atlanta Flames
11%
57 CAN Dany Sabourin Vancouver Canucks
11%
429 CAN Daren Puppa Buffalo Sabres
11%
81 CAN Darren Pang Chicago Blackhawks
11%
459 CAN Don Edwards Buffalo Sabres
11%
77 CAN Doug Grant Detroit Red Wings
11%
6 CAN Doug Jackson Chicago Blackhawks
11%
8 CAN Doug Stevenson Chicago Blackhawks
11%
286 CAN Gary Edwards Los Angeles Kings
11%
465 CAN George Hainsworth Montreal Canadiens
11%
788 CAN Gilles Meloche Minnesota North Stars
11%
604 CAN Greg Millen St Louis Blues
11%
1 CAN Hal Murphy Montreal Canadiens
11%
803 CAN Harry Lumley Detroit Red Wings
11%
26 SWE Henrik Karlsson Calgary Flames
11%
254 CAN Jamie McLennan St. Louis Blues
11%
457 CAN Jim Rutherford Detroit Red Wings
11%
15 FIN Joel Blomqvist Pittsburgh Penguins
11%
133 CAN Joey MacDonald Calgary Flames
11%
7 CAN Justin Pogge Toronto Maple Leafs
11%
169 USA Keith Kinkaid New Jersey Devils
11%
365 CAN Manny Legace Detroit Red Wings
11%
229 SUI Martin Gerber Ottawa Senators
11%
61 CAN Marv Edwards California Golden Seals
11%
20 CAN Maxime Lagace Vegas Golden Knights
11%
71 FIN Mika Noronen Buffalo Sabres
11%
2 CAN Mike Murphy Carolina Hurricanes
11%
10 USA Moe Roberts New York Rangers
11%
1 FIN Niklas Kokko Seattle Kraken
11%
7 CAN Percy Jackson Boston Bruins
11%
212 CZE Roman Čechmánek Philadelphia Flyers
11%
328 CZE Roman Turek St. Louis Blues
11%
236 CAN Roy Edwards Detroit Red Wings
11%
191 USA Scott Clemmensen New Jersey Devils
11%
2 CAN Trent Miner Colorado Avalanche
11%
237 CAN Alex Auld Vancouver Canucks
8%
161 SWE Anders Nilsson Ottawa Senators
8%
144 CAN Bert Gardiner Montreal Canadiens
8%
2 USA Brandon Halverson New York Rangers
8%
4 CAN Brian Finley Nashville Predators
8%
415 GBR Byron Dafoe Boston Bruins
8%
6 CAN Cedrick Desjardins Tampa Bay Lightning
8%
316 CAN Chuck Gardiner Chicago Blackhawks
8%
52 USA Collin Delia Chicago Blackhawks
8%
309 USA Damian Rhodes Ottawa Senators
8%
63 CAN Dan Blackburn New York Rangers
8%
214 SUI David Aebischer Colorado Avalanche
8%
462 CAN Denis Herron Pittsburgh Penguins
8%
249 CAN Don Simmons Boston Bruins
8%
2 USA Drew Commesso Detroit Red Wings
8%
190 CAN Earl Robertson New York Americans
8%
254 CAN Fred Brathwaite Calgary Flames
8%
368 USA Garth Snow New York Islanders
8%
107 CAN Gary Simmons California Golden Seals
8%
332 CAN Gerry Desjardins Buffalo Sabres
8%
571 USA Glenn Resch New York Islanders
8%
28 RUS Ivan Fedotov Philadelphia Flyers
8%
219 CAN Jamie Storr Los Angeles Kings
8%
218 CAN Jean-Sebastien Aubin Pittsburgh Penguins
8%
500 CAN Jeff Hackett Chicago Blackhawks
8%
48 USA Jeff Zatkoff Pittsburgh Penguins
8%
1 CAN Jett Alexander Toronto Maple Leafs (EBUG)
8%
1 SWE Joacim Eriksson Vancouver Canucks
8%
207 CAN John Garrett Vancouver Canucks
8%
224 USA John Grahame Carolina Hurricanes
8%
37 FIN Joni Ortio Calgary Flames
8%
128 FIN Jussi Markkanen Edmonton Oilers
8%
2 FIN Kasimir Kaskisuo Toronto Maple Leafs
8%
26 SWE Magnus Hellberg Detroit Red Wings
8%
57 CZE Martin Prusek Ottawa Senators
8%
8 LAT Matiss Kivlenieks Columbus Blue Jackets
8%
26 CAN Matt Hackett Minnesota Wild
8%
6 CAN Matt Tomkins Tampa Bay Lightning
8%
110 CAN Michael Leighton Philadelphia Flyers
8%
298 CAN Michel Plasse Pittsburgh Penguins
8%
113 SWE Mikael Tellqvist Toronto Maple Leafs
8%
394 USA Mike Dunham Nashville Predators
8%
356 CAN Mike Palmateer Toronto Maple Leafs
8%
51 GER Nico Daws New Jersey Devils
8%
6 SWE Oscar Dansk Vegas Golden Knights
8%
173 CAN Pascal Leclaire Columbus Blue Jackets
8%
1 CAN Paul Gauthier Montreal Canadiens
8%
109 CAN Paul Harrison Toronto Maple Leafs
8%
5 CAN Ray Frederick Chicago Blackhawks
8%
506 CAN Reggie Lemelin Calgary Flames
8%
176 CAN Rich Sevigny Montreal Canadiens
8%
186 USA Robert Esche Philadelphia Flyers
8%
126 ITA Roberto Romano Pittsburgh Penguins
8%
515 CAN Roger Crozier Detroit Red Wings
8%
114 CAN Ron Grahame Los Angeles Kings
8%
820 CAN Sean Burke Phoenix Coyotes
8%
1 CAN Sean Gauthier San Jose Sharks
8%
1 RUS Sergei Murashov Pittsburgh Penguins
8%
46 CAN Stephen Valiquette New York Rangers
8%
91 CAN Steve Penney Montreal Canadiens
8%
1 GBR Tom Hodges Anaheim Ducks (EBUG)
8%
4 CAN Zachary Fucale Washington Capitals
8%
1 CAN Alain Raymond Washington Capitals
5%
1 GBR Alec Woods New York Americans
5%
21 CAN Alfie Moore New York Americans
5%
219 CAN Allan Bester Detroit Red Wings
5%
430 CAN Al Rollins Chicago Blackhawks
5%
2 CAN Al Shields Ottawa Senators
5%
1 RUS Andrei Makarov Buffalo Sabres
5%
8 CAN Andy Chiodo Pittsburgh Penguins
5%
20 CAN Bert Lindsay Toronto Arenas
5%
91 CAN Bill McKenzie Colorado Rockies
5%
45 CAN Bobby Taylor Philadelphia Flyers
5%
420 CAN Bob Sauve Buffalo Sabres
5%
425 CAN Chuck Rayner New York Rangers
5%
5 CAN Claude Evans Montreal Canadiens
5%
337 CAN Clint Malarchuk Buffalo Sabres
5%
38 CAN Connie Dion Detroit Red Wings
5%
108 CAN Corey Hirsch Vancouver Canucks
5%
147 CAN Corey Schwab Tampa Bay Lightning
5%
332 CAN Craig Billington New Jersey Devils
5%
4 BLR Daniel Taylor Calgary Flames
5%
88 CAN Darren Eliot Los Angeles Kings
5%
2 CAN Dave Gagnon Detroit Red Wings
5%
666 CAN Don Beaupre Minnesota North Stars
5%
373 CAN Doug Favell Philadelphia Flyers
5%
388 CAN Doug Young Detroit Red Wings
5%
3 CAN Dylan Ferguson Ottawa Senators
5%
192 CAN Eddie Mio Edmonton Oilers
5%
610 CAN Ed Giacomin New York Rangers
5%
53 SWE Erik Ersberg Los Angeles Kings
5%
24 SWE Erik Källgren Toronto Maple Leafs
5%
635 CAN Felix Potivn Toronto Maple Leafs
5%
32 CAN Frederic Chabot Montreal Canadiens
5%
100 FIN Fredrik Norrena Columbus Blue Jackets
5%
6 RUS Georgy Romanov San Jose Sharks
5%
8 CAN Gerry Gray Detroit Red Wings
5%
276 CAN Gerry McNeil Montreal Canadiens
5%
416 CAN Gilles Gilbert New York Rangers
5%
205 CAN Gilles Villemure New York Rangers
5%
476 CAN Glen Hanlon Vancouver Canucks
5%
61 FIN Hannu Toivonen Boston Bruins
5%
1 CAN Harrison Gray Detroit Red Wings
5%
31 CAN Herb Rheaume Montreal Canadiens
5%
4 USA Hunter Shepard Washington Capitals
5%
111 CAN James Walsh Montreal Maroons
5%
76 FIN Jani Hurme Ottawa Senators
5%
187 CAN Jason LaBarbera New York Rangers
5%
12 USA Jaxson Stauber Utah Hockey Club
5%
72 CAN Jean-Claude Bergeron Tampa Bay Lightning
5%
62 CAN Jeff Deslauriers Edmonton Oilers
5%
174 CAN Jeff Reese Calgary Flames
5%
106 CAN Jimmy Waite Chicago Blackhawks
5%
8 CZE Jiri Patera Vegas Golden Knights
5%
22 CAN John Adams Boston Bruins
5%
46 CAN John Henderson Boston Bruins
5%
1 USA Jorge Alves Carolina Hurricanes (EBUG)
5%
142 FIN Kari Takko Minnesota North Stars
5%
155 CAN Kay Whitmore Vancouver Canucks
5%
575 CAN Ken Wregget Pittsburgh Penguins
5%
3 CAN Kevin Mandolese Ottawa Senators
5%
412 CAN Lorne Chabot Toronto Maple Leafs
5%
349 CAN Marc Denis Columbus Blue Jackets
5%
329 CAN Mark Fitzpatrick Florida Panthers
5%
1 CAN Mathieu Chouinard Los Angeles Kings
5%
1 CAN Matthew O'Connor Ottawa Senators
5%
227 CAN Michel Dion Pittsburgh Penguins
5%
312 CAN Michel Larocque Montreal Canadiens
5%
3 GER Michel Larocque Chicago Blackhawks
5%
35 CAN Mike McKenna Tampa Bay Lightning
5%
22 CAN Mike Mitchell Toronto St. Patricks
5%
29 USA Mike Morrison Edmonton Oilers
5%
289 CAN Murray Bannerman Chicago Blackhawks
5%
11 CAN Nathan Lawson New York Islanders
5%
19 SWE Niklas Svedberg Boston Bruins
5%
125 FIN Pasi Nurminen Atlanta Thrashers
5%
175 CAN Pete Lopresti Minnesota North Stars
5%
32 USA Philippe Sauve Colorado Avalanche
5%
439 CAN Phil Myre Atlanta Flames
5%
407 CAN Rick Wamsley Montreal Canadiens
5%
6 CAN Robbie Moore Philadelphia Flyers
5%
99 CAN Robbie Tallas Boston Bruins
5%
62 CAN Robb Stauber Los Angeles Kings
5%
291 CAN Rollie Melanson New York Islanders
5%
28 CAN Ron Scott New York Rangers
5%
484 CAN Roy Worters New York Americans
5%
74 USA Sam Lopresti Chicago Blackhawks
5%
23 USA Scott Gordon Quebec Nordiques
5%
6 CAN Shawn MacKenzie New Jersey Devils
5%
57 USA Steve Baker New York Rangers
5%
246 CAN Steve Shields San Jose Sharks
5%
1 CAN Travis Scott Los Angeles Kings
5%
215 USA Ty Conklin St. Louis Blues
5%
58 CAN Vince Tremblay Toronto Maple Leafs
5%
187 CAN Wendell Young Pittsburgh Penguins
5%
4 JPN Yutaka Fukufuji Los Angeles Kings
5%
47 CAN Zac Bierk Tampa Bay Lightning
5%
5 CAN Abby Cox Detroit Red Wings
3%
1 SVK Adam Húska New York Rangers
3%
234 CAN Alain Chevrier New Jersey Devils
3%
1 CZE Aleš Stezka Seattle Kraken
3%
418 CAN Alex Connell Ottawa Senators
3%
179 CAN Al Jensen Washington Capitals
3%
68 CAN Andre Racicot Montreal Canadiens
3%
106 CAN Andy Aitkenhead New York Rangers
3%
4 CAN Antoine Bibeau Toronto Maple Leafs
3%
1 RUS Artyom Zagidulin Calgary Flames
3%
295 CAN Bill Beveridge Montreal Maroons
3%
47 CAN Blaine Lacher Boston Bruins
3%
242 CAN Bob Froese Philadelphia Flyers
3%
357 CAN Brian Hayward Montreal Canadiens
3%
328 CAN Bruce Gamble Toronto Maple Leafs
3%
2 USA Chad Erickson New Jersey Devils
3%
406 USA Chris Terreri New Jersey Devils
3%
62 CAN Claude Bourque Montreal Canadiens
3%
362 CAN Clint Benedict Montreal Maroons
3%
215 CAN Daniel Berthiaume Winnipeg Jets
3%
191 CAN Darcy Wakaluk Dallas Stars
3%
6 CAN Darrell May St. Louis Blues
3%
30 CAN Darren Jensen Philadelphia Flyers
3%
430 CAN Dave Kerr New York Rangers
3%
317 CAN Denis DeJordy Chicago Blackhawks
3%
18 CAN Dennis Riggin Detroit Red Wings
3%
5 USA Derek Gustafson Minnesota Wild
3%
205 CAN Dominic Roussel Philadelphia Flyers
3%
18 CAN Don McLeod Detroit Red Wings
3%
284 CAN Doug Soetaert Winnipeg Jets
3%
6 CAN Drew MacIntyre Buffalo Sabres
3%
1 CAN Dylan Wells Chicago Blackhawks
3%
49 CAN Ed Dyck Vancouver Canucks
3%
2 FIN Eetu Mäkiniemi San Jose Sharks
3%
95 CAN Eric Fichaud New York Islanders
3%
1 SWE Erik Portillo Los Angeles Kings
3%
514 USA Frank Brimsek Boston Bruins
3%
72 CAN Frank McCool Tornto Maple Leafs
3%
141 CAN Frank Pietrangelo Pittsburgh Penguins
3%
136 CAN Gary Bromley Vancouver Canucks
3%
162 CAN Gary Inness Pittsburgh Penguins
3%
47 CAN Gilles Gratton New York Rangers
3%
3 CAN Gordie Henry Boston Bruins
3%
71 CAN Gord McRae Toronto Maple Leafs
3%
8 CAN Gordon Bell Toronto Maple Leafs
3%
299 CAN Greg Stefan Detroit Red Wings
3%
13 FIN Hannu Kamppuri New Jersey Devils
3%
103 CAN Hap Holmes Detroit Cougars
3%
83 SWE Hardy Åström Colorado Rockies
3%
15 FIN Harri Säteri Arizona Coyotes
3%
25 CAN Harvey Bennett Boston Bruins
3%
3 CAN Herb Stuart Detroit Cougars
3%
1 SWE Hugo Alnefelt Tampa Bay Lightning
3%
6 USA Hunter Miska Colorado Avalanche
3%
1 FIN Iiro Tarkki Anaheim Ducks
3%
24 RUS Ivan Prosvetov Arizona Coyotes
3%
58 CAN Jack Norris Los Angeles Kings
3%
210 CAN Jake Forbes New York Americans
3%
2 CZE Jakub Skarek New York Islanders
3%
39 FIN Jarmo Myllys San Jose Sharks
3%
15 CAN Jean-Francois Labbe Columbus Blue Jackets
3%
7 USA Jean-Marc Pelletier Phoenix Coyotes
3%
73 CAN Jim Bedard Washington Capitals
3%
30 USA Jim Craig Boston Bruins
3%
405 CAN Jim Henry Boston Bruins
3%
16 CAN Jimmy McLeod St. Louis Blues
3%
69 CZE Jirí Crha Toronto Maple Leafs
3%
2 CAN Joe Ironstone Toronto Maple Leafs
3%
99 SWE Johan Holmqvist Tampa Bay Lightning
3%
152 CAN Johnny Mowers Detroit Red Wings
3%
491 CAN John Roach New York Rangers
3%
35 USA Jon Gillies New Jersey Devils
3%
1 CAN Jordan Willis Dallas Stars
3%
12 CZE Josef Korenar San Jose Sharks
3%
5 FIN Jussi Rynnäs Toronto Maple Leafs
3%
4 GER Karl Friesen New Jersey Devils
3%
1 CAN Kent Simpson Chicago Blackhawks
3%
50 CAN Kevin Poulin New York Islanders
3%
592 CAN King Clancy Toronto Maple Leafs
3%
3 LAT Kristers Gudlevskis Tampa Bay Lightning
3%
13 CAN Leland Irving Calgary Flames
3%
196 CAN Les Binkley Pittsburgh Penguins
3%
9 SWE Magnus Chrona San Jose Sharks
3%
26 CAN Marcel Cousineau Tornto Maple Leafs
3%
8 CAN Marcel Pelletier Chicago Blackhawks
3%
31 CZE Marek Mazanec Nashville Predators
3%
241 CAN Mario Gosselin Quebec Nordiques
3%
240 CAN Mario Lessard Los Angeles Kings
3%
103 CAN Mark Laforest Toronto Maple Leafs
3%
1 CAN Mark Visentin Phoenix Coyotes
3%
1 CAN Martin Houle Philadelphia Flyers
3%
2 CAN Matt Villalta Arizona Coyotes
3%
12 CAN Maxime Ouellet Washington Capitals
3%
24 CAN Michael Garnett Atlanta Thrashers
3%
6 USA Michael Houser Buffalo Sabres
3%
1 CAN Michael McNiven Montreal Canadiens
3%
40 CAN Mike Blake Los Angeles Kings
3%
336 CAN Mike Karakas Chicago Blackhawks
3%
21 CAN Mike O'Neill Winnipeg Jets
3%
190 RUS Mikhail Shtalenkov Anaheim Ducks
3%
121 CZE Milan Hnilicka Atlanta Thrashers
3%
7 CAN Nathan Lieuwen Buffalo Sabres
3%
2 CAN Neil Little Philadelphia Flyers
3%
1 SWE Olle Eriksson-Ek Anaheim Ducks
3%
128 USA Pat Jablonski Montreal Canadiens
3%
350 CAN Pat Riggin Washington Capitals
3%
246 POL Peter Sidorkiewicz Hartford Whalers
3%
146 LAT Peter Skudra Pittsburgh Penguins
3%
1 CAN Phil Stein Toronto Maple Leafs
3%
132 CAN Pokey Reddick Winnipeg Jets
3%
286 CAN Rick Tabaracci Calgary Flames
3%
1 FIN Riku Helenius Tampa Bay Lightning
3%
1 CAN Robbie Irons St. Louis Blues
3%
324 CAN Roger Jenkins Chicago Blackhawks
3%
382 CAN Ron Low Washington Capitals
3%
1 CAN Ross McKay Hartfod Whalers
3%
2 FIN Sami Aittokallio Colorado Avalanche
3%
93 CAN Steve Passmore Chicago Blackhawks
3%
291 CAN Steve Weeks Vancouver Canucks
3%
5 CAN Ted Tucker California Golden Seals
3%
20 CAN Terry Richardson Detroit Red Wings
3%
340 CAN Tim Cheveldae Detroit Red Wings
3%
11 SUI Tobias Stephan Dallas Stars
3%
156 SWE Tommy Söderström New York Islanders
3%
72 CAN Troy Gamble Vancouver Canucks
3%
1 FIN Veini Vehviläinen Columbus Blue Jackets
3%
1 SWE Victor Östman Seattle Kraken
3%
184 CAN Vincent Riendeau St. Louis Blues
3%
43 CAN Wade Dubielewicz New York Islanders
3%
120 CAN Wade Flaherty New York Islanders
3%
55 CAN Yann Danis New York Islanders
3%
8 USA Zane McIntyre Boston Bruins
3%
9 USA Adam Berkhoel Atlanta Thrashers
0%
1 USA Adam Hauser Los Angeles Kings
0%
17 CAN Adam Munro Chicago Blackhawks
0%
2 SWE Adam Werner Colorado Avalanche
0%
1 USA Adam Wilcox Buffalo Sabres
0%
5 USA Albert Lacroix Montreal Canadiens
0%
1 RUS Alexander Pechurski Pittsburgh Penguins
0%
2 CZE Alexander Salák Florida Panthers
0%
3 RUS Alexei Melnichuk San Jose Sharks
0%
2 CAN Alfie Michaud Vancouver Canucks
0%
11 CAN Allen York Columbus Blue Jackets
0%
6 CAN Al Millar Boston Bruins
0%
1 CAN Andre Binette Montreal Canadiens
0%
54 RUS Andrei Trefilov Buffalo Sabres
0%
4 CAN Arthur Brooks Toronto Arenas
0%
11 CAN Barry Brust Los Angeles Kings
0%
5 CAN Baz Bastien Toronto Maple Leafs
0%
1 CAN Bill Dickie Chicago Blackhawks
0%
55 CAN Bill Oleschuk Colorado Rockies
0%
17 CAN Bob Champoux California Golden Seals
0%
1 CAN Bob Decourcy New York Rangers
0%
1 CAN Bob Dupuis Edmonton Oilers
0%
111 USA Bob Janecyk Los Angeles Kings
0%
31 CAN Bob Perreault Boston Bruins
0%
1 USA Bob Ring Boston Bruins
0%
7 CAN Bob Sneddon California Golden Seals
0%
5 CAN Brad Thiessen Pittsburgh Penguins
0%
1 CAN Brent Krahn Dallas Stars
0%
1 USA Brian Eklund Tampa Bay Lightning
0%
16 CAN Bruce Bullock Vancouver Canucks
0%
2 CAN Bruce Dowie Toronto Maple Leafs
0%
9 CAN Bruce Hoffort Philadelphia Flyers
0%
11 CAN Bruce Racine St. Louis Blues
0%
1 USA Cal Heeter Philadelphia Flyers
0%
16 CAN Cam Newton Pittsburgh Penguins
0%
7 USA Carl Wetzel Minnesota North Stars
0%
77 CAN Charles Stewart Boston Bruins
0%
4 CAN Charlie Conacher Toronto Maple Leafs
0%
429 CAN Charlie Sands Boston Bruins
0%
1 CAN Chris Beckford-Tseu St. Louis Blues
0%
2 CAN Chris Clifford Chicago Blackhawks
0%
1 CAN Chris Pusey Detroit Red Wings
0%
1 CAN Christian Soucy Chicago Blackhawks
0%
26 GBR Chris Worthy Oakland Seals
0%
93 CAN Clarence Dolson Detroit Cougars
0%
1 CAN Claude Cyr Montreal Canadiens
0%
4 CAN Claude Legris Detroit Red Wings
0%
3 CAN Claude Pronovost Montreal Canadiens
0%
12 USA Cleon Daskalakis Boston Bruins
0%
1 CAN Cody Rudkowsky St. Louis Blues
0%
2 USA Connor Knapp Buffalo Sabres
0%
113 CAN Corrado Micalef Detroit Red Wings
0%
1 CAN Corrie D'Alessio Hartfod Whalers
0%
6 SWE Cristopher Nihlstorp Dallas Stars
0%
104 CAN Curt Ridley Vancouver Canucks
0%
4 CAN Daniel Lacosta Columbus Blue Jackets
0%
8 CAN Danny Lorenz New York Islanders
0%
1 CAN Dan Olesevich New York Rangers
0%
39 CAN Darrin Madeley Ottawa Senators
0%
27 CAN Daryl Reaugh Hartfod Whalers
0%
3 CAN Dave Gatherum Detroit Red Wings
0%
2 CAN Dave McLelland Vancouver Canucks
0%
77 CAN Dave Parro Washington Capitals
0%
14 USA Dave Reece Boston Bruins
0%
2 CAN Dave Tataryn New York Rangers
0%
5 CAN David Goverde Los Angeles Kings
0%
22 CAN David LeNeveu Phoenix Coyotes
0%
3 USA David Littman Buffalo Sabres
0%
22 CAN Derek Wilkinson Tampa Bay Lightning
0%
1 USA Dick Bittner Boston Bruins
0%
21 USA Dieter Kochan Minnesota Wild
0%
3 GER Dmitri Pätzold San Jose Sharks
0%
1 USA Don Aiken Montreal Canadiens
0%
1 CAN Don Caley St. Louis Blues
0%
6 CAN Don Cutts Edmonton Oilers
0%
1 CAN Don Keenan Boston Bruins
0%
3 CAN Don Sylvestri Boston Bruins
0%
27 CAN Doug Dadswell Calgary Flames
0%
210 CAN Doug Keans Boston Bruins
0%
184 CAN Ed Chadwick Toronto Maple Leafs
0%
3 CAN Eddie Pasquale Tampa Bay Lightning
0%
219 CAN Ed Staniowski St. Louis Blues
0%
95 CAN Emile Francis Chicago Blackhawks
0%
113 CAN Ernie Wakely St. Louis Blues
0%
2 RUS Evgeny Konstantinov Tampa Bay Lightning
0%
30 SWE Felix Sandström Philadelphia Flyers
0%
55 CAN Fern Rivard Minnesota North Stars
0%
21 CAN Frank Brophy Quebec Bulldogs
0%
102 CAN Frank Caprice Vancouver Canucks
0%
13 CAN Frederic Cassivi Atlanta Thrashers
0%
35 CAN Gary Bauman Minnesota North Stars
0%
16 CAN Gary Kurt California Golden Seals
0%
59 CAN Gary Laskoski Los Angeles Kings
0%
8 CAN Geoff Sarjeant St. Louis Blues
0%
1 CAN George Abbott Boston Bruins
0%
66 CAN George Gardner Vancouver Canucks
0%
4 CAN George Maneluk New York Islanders
0%
33 CAN George Redding Boston Bruins
0%
2 USA Gerald Coleman Tampa Bay Lightning
0%
7 CAN Gerry McNamara Toronto Maple Leafs
0%
3 CAN Gilles Boisvert Detroit Red Wings
0%
9 CAN Gilles Mayer Toronto Maple Leafs
0%
2 SUI Gilles Senn New Jersey Devils
0%
22 SWE Göran Högosta Quebec Nordiques
0%
17 CAN Gordie Laxton Pittsburgh Penguins
0%
2 USA Gregg Naumenko Anaheim Ducks
0%
1 CAN Greg Redquest Pittsburgh Penguins
0%
75 CAN Hal Winkler Boston Bruins
0%
157 CAN Hank Bassen Detroit Red Wings
0%
106 USA Harry Mummery Toronto Arenas
0%
5 CAN Harvey Teno Detroit Red Wings
0%
24 CAN Hec Highton Chicago Blackhawks
0%
59 CAN Howard Lockhart Hamilton Tigers
0%
48 CAN Hugh Lehman Chicago Blackhawks
0%
17 CAN Hugh Plaxton Montreal Maroons
0%
143 CAN Jack Gelineau Boston Bruins
0%
2 CAN Jack LaFontaine Carolina Hurricanes
0%
12 USA Jack McCartan New York Rangers
0%
6 SVK Jan Lasak Nashville Predators
0%
21 CAN Jared Coreau Detroit Red Wings
0%
5 FIN Jari Kaarela Colorado Rockies
0%
38 USA Jason Bacashihua St. Louis Blues
0%
1 CAN Jason Kasdorf Buffalo Sabres
0%
62 ITA Jason Muzzatti Hartfod Whalers
0%
6 CAN Jean-Francois Damphousse New Jersey Devils
0%
1 CAN Jean-Guy Morissette Montreal Canadiens
0%
3 CAN Jean Marois Chicago Blackhawks
0%
1 USA Jeff Frazee New Jersey Devils
0%
15 CAN Jeff Glass Chicago Blackhawks
0%
1 CAN Jeremy Duchesne Philadelphia Flyers
0%
26 ITA Jim Corsi Edmonton Oilers
0%
85 CAN Jim Hrivnak Washington Capitals
0%
42 CAN Jimmy Franks New York Rangers
0%
21 CAN Jim Pettie Boston Bruins
0%
1 USA Jim Stewart Boston Bruins
0%
1 USA Jim Watt St. Louis Blues
0%
23 CAN Joaquin Gage Edmonton Oilers
0%
105 CAN Joe Daley Buffalo Sabres
0%
1 CAN Joe Junkin Boston Bruins
0%
2 USA Joe Schaefer New York Rangers
0%
1 CAN Joe Turner Detroit Red Wings
0%
1 SWE Johan Backlund Philadelphia Flyers
0%
46 USA John Blue Boston Bruins
0%
8 USA John Curry Minnesota WIld
0%
21 CAN John Tanner Quebec Nordiques
0%
1 CAN Jordan Sigalet Boston Bruins
0%
2 CAN Josh Tordjman Phoenix Coyotes
0%
1 CAN Julian Klymkiw New York Rangers
0%
1 CAN Kaden Fulcher Detroit Red Wings
0%
4 CAN Ken Appleby New Jersey Devils
0%
27 CAN Ken Broderick Boston Bruins
0%
12 CAN Ken Ellacott Vancouver Canucks
0%
4 CAN Ken Holland Detroit Red Wings
0%
55 CAN Ken Lockett Vancouver Canucks
0%
96 CAN Ken McAuley New York Rangers
0%
5 USA Kevin Boyle Anaheim Ducks
0%
71 CAN Kevin Hodson Tampa Bay Lightning
0%
30 CAN Larry Lozinski Detroit Red Wings
0%
1 CAN Len Broderick Montreal Canadiens
0%
1 CAN Les Colvin Boston Bruins
0%
6 USA Les Kuntar Montreal Canadiens
0%
37 CAN Lindsay Middlebrook Winnipeg Jets
0%
1 CAN Lionel Bouvrette New York Rangers
0%
1 CAN Louis Levasseur Minnesota North Stars
0%
2 CAN Mackenzie Skapski New York Rangers
0%
39 USA Marc Behrend Winnipeg Jets
0%
16 CAN Marc D'Amour Calgary Flames
0%
107 CAN Marcel Paille New York Rangers
0%
4 CAN Marc Lamothe Chicago Blackhawks
0%
86 CAN Marco Baron Boston Bruins
0%
2 CZE Marek Langhamer Arizona Coyotes
0%
6 CZE Marek Schwarz St. Louis Blues
0%
40 ITA Mario Brunetta Quebec Nordiques
0%
1 CAN Mark Dekanich Nashville Predators
0%
8 USA Mark Holden Montreal Canadiens
0%
92 FIN Markus Mattsson Winnipeg Jets
0%
9 CAN Martin Brochu Vancouver Canucks
0%
5 CAN Matt Climie Dallas Stars
0%
11 USA Matt Delguidice Boston Bruins
0%
1 CAN Matt Keetley Calgary Flames
0%
1 CAN Matt Underhill Chicago Blackhawks
0%
5 CAN Matt Yeats Washington Capitals
0%
1 CAN Matt Zaba New York Rangers
0%
6 CAN Maurice Courteau Boston Bruins
0%
65 CAN Michel Belhumeur Washington Capitals
0%
8 CAN Michel Dumas Chicago Blackhawks
0%
23 CAN Mike Bales Ottawa Senators
0%
11 CAN Mike Fountain Vancouver Canucks
0%
2 CAN Mike Greenlay Edmonton Oilers
0%
4 CAN Mike Lenarduzzi Hartfod Whalers
0%
1 CAN Mike Minard Edmonton Oilers
0%
18 CAN Mike Moffat Boston Bruins
0%
1 ITA Mike Rosati Washington Capitals
0%
6 CAN Mike Sands Minnesota North Stars
0%
6 CAN Mike Torchia Dallas Stars
0%
139 CAN Mike Veisor Chicago Blackhawks
0%
3 ITA Mike Zanier Edmonton Oilers
0%
2 CAN Murray McLachlan Toronto Maple Leafs
0%
1 CAN Nick Damore Boston Bruins
0%
19 CAN Nick Ricci Pittsburgh Penguins
0%
2 GER Niklas Treutle Arizona Coyotes
0%
7 CAN Nolan Schaefer San Jose Sharks
0%
402 CAN Norman Himes New York Americans
0%
10 CAN Norm Defelice Boston Bruins
0%
19 CAN Norm Farr Buffalo Sabres
0%
66 CAN Norm Maracle Atlanta Thrashers
0%
182 CAN Odie Cleghorn Montreal Canadiens
0%
1 CAN Olivier Michaud Montreal Canadiens
0%
1 USA Parris Duffus Phoenix Coyotes
0%
11 CAN Patrick Desrochers Phoenix Coyotes
0%
2 CAN Patrick Labrecque Montreal Canadiens
0%
1 USA Pat Rupp Detroit Red Wings
0%
215 CAN Paul Bibeault Montreal Canadiens
0%
52 CAN Paul Goodman Chicago Blackhawks
0%
2 CAN Paul Hoganson Pittsburgh Penguins
0%
1 SUI Pauli Jaks Los Angeles Kings
0%
1 CAN Paul Pageau Los Angeles Kings
0%
2 USA Paul Skidmore St. Louis Blues
0%
3 CAN Paxton Schafer Boston Bruins
0%
6 USA Peter Mannino New York Islanders
0%
57 CAN Peter McDuffe Kansas City Scouts
0%
3 CAN Philippe Derouville Pittsburgh Penguins
0%
69 CAN Pierre Hamel Winnipeg Jets
0%
3 CAN Ralph Almas Detroit Red Wings
0%
2 CAN Randy Exelby Edmonton Oilers
0%
2 CAN Randy Ireland Buffalo Sabres
0%
6 SVK Rastislav Stana Washington Capitals
0%
1 USA Ray Leblanc Chicago Blackhawks
0%
1 CAN Red Spooner Pittsburgh Pirates
0%
28 AUT Reinhard Divis St. Louis Blues
0%
49 USA Richard Bachman Dallas Stars
0%
2 CAN Rich Shulmistra New Jersey Devils
0%
49 CAN Rick Heinz St. Louis Blues
0%
14 CAN Rick Knickle Los Angeles Kings
0%
1 CAN Rick Laferriere Colorado Rockies
0%
131 CAN Rick St. Croix Philadelphia Flyers
0%
2 CAN Rob Dopson Pittsburgh Penguins
0%
44 CAN Robert Holland Pittsburgh Penguins
0%
1 CAN Robert McVicar Vancouver Canucks
0%
10 GER Rob Zepp Philadelphia Flyers
0%
22 CAN Rollie Boutin Washington Capitals
0%
1 CAN Ron Loustel Winnipeg Jets
0%
54 CAN Ross Brooks Boston Bruins
0%
3 CAN Ryan Bach Los Angeles Kings
0%
34 CAN Sam St. Laurent Detroit Red Wings
0%
19 CAN Scott Bailey Boston Bruins
0%
23 USA Scott Fankhouser Atlanta Thrashers
0%
20 CAN Scott Langkow Atlanta Thrashers
0%
1 CAN Sebastien Centomo Toronto Maple Leafs
0%
26 CAN Sebastien Charpentier Washington Capitals
0%
10 RUS Sergei Mylnikov Quebec Nordiques
0%
1 USA Shawn Hunwick Columbus Blue Jackets
0%
1 CAN Simon Lajeunesse Ottawa Senators
0%
262 CAN Sprague Cleghorn Montreal Canadiens
0%
90 CAN Stephane Beauregard Winnipeg Jets
0%
9 CAN Stephen Buzinski New York Rangers
0%
35 CAN Steve Guenette Pittsburgh Penguins
0%
3 USA Steve Janaszak Colorado Rockies
0%
1 CAN Steve McKichan Vancouver Canucks
0%
1 CAN Ted Ouimet St. Louis Blues
0%
4 CAN Terry Kleisinger New York Rangers
0%
3 USA Thomas McCollum Detroit Red Wings
0%
67 CAN Tim Bernhardt Toronto Maple Leafs
0%
1 GER Timo Pielmeier Anaheim Ducks
0%
7 USA Tom Askey Anaheim Ducks
0%
2 CZE Tomas Pöpperle Columbus Blue Jackets
0%
53 CAN Tom Draper Buffalo Sabres
0%
1 CAN Tom McGrattan Detroit Red Wings
0%
4 USA Troy Grosenick San Jose Sharks
0%
1 CAN Tyler Bunz Edmonton Oilers
0%
30 CAN Tyler Moss Calgary Flames
0%
1 CAN Tyler Weiman Colorado Avalanche
0%
3 CAN Tyrone Garner Calgary Flames
0%
4 KAZ Vitali Yeremeyev New York Rangers
0%
8 KAZ Vitaly Kolesnik Colorado Avalanche
0%
1 CAN Warren Sharples Calgary Flames
0%
35 CAN Warren Skorodenski Chicago Blackhawks
0%
1 CAN Wayne Cowley Edmonton Oilers
0%
82 CAN Wayne Rutledge Los Angeles Kings
0%
281 CAN Wilf Cude Montreal Canadiens
0%
2 CAN Yaniv Perets Carolina Hurricanes
0%
78 CAN Yves Belanger St. Louis Blues
0%
7 CAN Zach Sawchenko San Jose Sharks
0%
No matching quizzes found
Score Distribution
Percent of People with Each Score
Percentile by Number Answered
Your Score History
You have not taken this quiz since the last reset